000 00239nam a2200121Ia 4500
100 _a#N/A
650 _aComputer/ IT
942 _cBK
654 _aWINDOW SERVER 2003
245 _aWINDOW SERVER 2003
260 _b#N/A
546 _aENGLISH
999 _c21676
_d21676